Eastern Utah Libraries Catalog: Duchesne, Heber, Roosevelt, & Vernal

Call the midwife. Season seven / (Record no. 233660)

MARC details
000 -LEADER
fixed length control field 03837cgm a2200853Ii 4500
001 - CONTROL NUMBER
control field on1033533846
003 - CONTROL NUMBER IDENTIFIER
control field OCoLC
005 - DATE AND TIME OF LATEST TRANSACTION
control field 20260209110801.0
007 - PHYSICAL DESCRIPTION FIXED FIELD--GENERAL INFORMATION
fixed length control field vd cvaizq
008 - FIXED-LENGTH DATA ELEMENTS--GENERAL INFORMATION
fixed length control field 180501s2018 enk567 vleng d
020 ## - INTERNATIONAL STANDARD BOOK NUMBER
International Standard Book Number 9786317273979
020 ## - INTERNATIONAL STANDARD BOOK NUMBER
International Standard Book Number 6317273979
024 1# - OTHER STANDARD IDENTIFIER
Standard number or code 883929621538
024 7# - OTHER STANDARD IDENTIFIER
Standard number or code 00883929621538
Source of number or code gtin-14
028 42 - PUBLISHER NUMBER
Publisher number 1000701635
Source Warner Bros Ent. Canada Inc
028 42 - PUBLISHER NUMBER
Publisher number 21399
Source BBS
035 ## - SYSTEM CONTROL NUMBER
System control number (OCoLC)1033533846
037 ## - SOURCE OF ACQUISITION
Source of stock number/acquisition Midwest Tape
Note http://www.midwesttapes.com
040 ## - CATALOGING SOURCE
Original cataloging agency TEFMT
Language of cataloging eng
Description conventions rda
Transcribing agency TEFMT
Modifying agency TEF
-- OCLCO
-- MR0
-- WSD
-- NZD
-- JP3
-- WCZ
-- SAV
-- GK8
-- UINTA
041 1# - LANGUAGE CODE
Language code of text/sound track or separate title eng
Language code of original and/or intermediate translations of text eng
043 ## - GEOGRAPHIC AREA CODE
Geographic area code e-uk-en
049 ## - LOCAL HOLDINGS (OCLC)
Holding library UCLB
050 #4 - LIBRARY OF CONGRESS CALL NUMBER
Classification number PN1992.77
Item number .C355 2018
082 04 - DEWEY DECIMAL CLASSIFICATION NUMBER
Classification number 791.45/75
Edition number 23
092 ## - LOCALLY ASSIGNED DEWEY CALL NUMBER (OCLC)
Item number DVD
245 00 - TITLE STATEMENT
Title Call the midwife. Season seven /
264 #1 - Production, Publication, Distribution, Manufacture, and Copyright Notice.
Place of production, publication, distribution, manufacture London :
Name of producer, publisher, distributor, manufacturer BBC, a Neal Street production for BBC and PBS ; series created and written by Heidi Thomas.
Date of production, publication, distribution, manufacture, or copyr [2018]
300 ## - PHYSICAL DESCRIPTION
Extent 3 videodiscs (567 min.) :
Other physical details sound, color ;
Dimensions 4 3/4 in.
336 ## - Content Type
Content type term two-dimensional moving image
337 ## - Media type
Media type term video
338 ## - Carrier type
Carrier type term videodisc
340 ## - PHYSICAL MEDIUM
Material base and configuration DVD video
Dimensions 4 3/4 in.
500 ## - GENERAL NOTE
General note Title from container.
500 ## - GENERAL NOTE
General note Inspired by the memoirs of Jennifer Worth.
500 ## - GENERAL NOTE
General note DVD release of episodes originally broadcast on television in 2017-2018.
500 ## - GENERAL NOTE
General note Widescreen.
500 ## - GENERAL NOTE
General note Bonus content: A behind the scenes look at the making of Call the midwife season seven.
511 1# - PARTICIPANT OR PERFORMER NOTE
Participant or performer note Jenny Agutter, Linda Bassett, Helen George, Judy Parfitt, Laura Main, Victoria Yeates, Annabelle Apsion, Leonie Elliott, Jennifer Kirby, Stephen McGann, Cliff Parisi.
520 ## - SUMMARY, ETC.
Summary, etc "In the old houses and bold new apartment buildings of 1963 London, expectant mothers need more help than ever from the nuns and nurses of Nonnatus House"--Container.
521 8# - TARGET AUDIENCE NOTE
Target audience note MPAA rating: Not rated.
538 ## - SYSTEM DETAILS NOTE
System details note DVD ; anamorphic widescreen (16:9) presentation ; Dolby digital 5.1 surround.
546 ## - LANGUAGE NOTE
Language note English subtitles for the hearing impaired. (SDH).
650 #0 - SUBJECT ADDED ENTRY--TOPICAL TERM
Topical term or geographic name as entry element Midwives
Geographic subdivision England
-- London
Form subdivision Drama.
9 (RLIN) 5789339
650 #0 - SUBJECT ADDED ENTRY--TOPICAL TERM
Topical term or geographic name as entry element Midwifery
Geographic subdivision England
-- London
Form subdivision Drama.
9 (RLIN) 6437985
650 #0 - SUBJECT ADDED ENTRY--TOPICAL TERM
Topical term or geographic name as entry element Nuns
Geographic subdivision England
-- London
Form subdivision Drama.
9 (RLIN) 6360817
650 #0 - SUBJECT ADDED ENTRY--TOPICAL TERM
Topical term or geographic name as entry element Pregnant women
Geographic subdivision England
-- London
Chronological subdivision 20th century
Form subdivision Drama.
9 (RLIN) 6360818
650 #0 - SUBJECT ADDED ENTRY--TOPICAL TERM
Topical term or geographic name as entry element Convents
Form subdivision Drama.
9 (RLIN) 5753846
651 #0 - SUBJECT ADDED ENTRY--GEOGRAPHIC NAME
Geographic name London (England)
General subdivision Social conditions
Chronological subdivision 20th century
Form subdivision Drama.
9 (RLIN) 6518484
651 #0 - SUBJECT ADDED ENTRY--GEOGRAPHIC NAME
Geographic name East End (London, England)
Form subdivision Drama.
9 (RLIN) 5789343
651 #0 - SUBJECT ADDED ENTRY--GEOGRAPHIC NAME
Geographic name Poplar (London, England)
Form subdivision Drama.
9 (RLIN) 5789344
655 #7 - INDEX TERM--GENRE/FORM
Genre/form data or focus term Television series.
Source of term lcgft
655 #7 - INDEX TERM--GENRE/FORM
Genre/form data or focus term Fiction television programs.
Source of term lcgft
9 (RLIN) 5673656
655 #7 - INDEX TERM--GENRE/FORM
Genre/form data or focus term Historical television programs.
Source of term lcgft
655 #7 - INDEX TERM--GENRE/FORM
Genre/form data or focus term Medical television programs.
Source of term lcgft
655 #7 - INDEX TERM--GENRE/FORM
Genre/form data or focus term Television adaptations.
Source of term lcgft
9 (RLIN) 5685124
655 #7 - INDEX TERM--GENRE/FORM
Genre/form data or focus term Video recordings for the hearing impaired.
Source of term lcgft
700 1# - ADDED ENTRY--PERSONAL NAME
Personal name Agutter, Jenny,
Relator term actor.
9 (RLIN) 15053
700 1# - ADDED ENTRY--PERSONAL NAME
Personal name Bassett, Linda,
Relator term actor.
9 (RLIN) 75361
700 1# - ADDED ENTRY--PERSONAL NAME
Personal name Parfitt, Judy,
Dates associated with a name 1935-
Relator term actor.
9 (RLIN) 5870563
700 1# - ADDED ENTRY--PERSONAL NAME
Personal name George, Helen,
Dates associated with a name 1984-
Relator term actor.
9 (RLIN) 5898897
700 1# - ADDED ENTRY--PERSONAL NAME
Personal name Main, Laura,
Dates associated with a name 1981-
Relator term actor.
9 (RLIN) 5923515
700 1# - ADDED ENTRY--PERSONAL NAME
Personal name Yeates, Victoria,
Relator term actor.
9 (RLIN) 6560632
700 1# - ADDED ENTRY--PERSONAL NAME
Personal name Apsion, Annabelle,
Relator term actor.
9 (RLIN) 5789349
700 1# - ADDED ENTRY--PERSONAL NAME
Personal name Elliott, Leonie,
Relator term actor.
9 (RLIN) 6560633
700 1# - ADDED ENTRY--PERSONAL NAME
Personal name Kirby, Jennifer,
Relator term actor.
9 (RLIN) 6560634
700 1# - ADDED ENTRY--PERSONAL NAME
Personal name McGann, Stephen,
Relator term actor.
9 (RLIN) 72700
700 1# - ADDED ENTRY--PERSONAL NAME
Personal name Parisi, Cliff,
Dates associated with a name 1960-
Relator term actor.
9 (RLIN) 6489860
700 1# - ADDED ENTRY--PERSONAL NAME
Personal name Worth, Jennifer,
Dates associated with a name 1935-2011.
Title of a work Call the midwife.
9 (RLIN) 5789360
710 2# - ADDED ENTRY--CORPORATE NAME
Corporate name or jurisdiction name as entry element Neal Street Productions,
Relator term production company.
9 (RLIN) 56591
710 2# - ADDED ENTRY--CORPORATE NAME
Corporate name or jurisdiction name as entry element Public Broadcasting Service (U.S.),
Relator term broadcaster.
9 (RLIN) 27534
710 2# - ADDED ENTRY--CORPORATE NAME
Corporate name or jurisdiction name as entry element British Broadcasting Corporation,
Relator term publisher,
-- broadcaster.
9 (RLIN) 8652
730 0# - ADDED ENTRY--UNIFORM TITLE
Uniform title Call the midwife (Television program)
9 (RLIN) 5789361
942 ## - ADDED ENTRY ELEMENTS (KOHA)
Source of classification or shelving scheme Dewey Decimal Classification
Koha item type DVD
Holdings
Withdrawn status Lost status Source of classification or shelving scheme Materials specified (bound volume or other part) Damaged status Not for loan Collection code Home library Current library Shelving location Date acquired Source of acquisition Serial Enumeration / chronology Total Checkouts Full call number Barcode Date last seen Date checked out Cost, replacement price Price effective from Koha item type
    Dewey Decimal Classification 3 discs     Television Series Wasatch County Library Wasatch County Library Audio Visual Area 01/05/2026 Amazon Season 7 - Call the Midwife 1 TV Series Call the Midwife #7 34301002176040 01/20/2026 01/15/2026 11.72 01/05/2026 DVD Series
This project was made possible through a grant from the Institute of Museum and Library Service administered by the Utah State Library Division.

Wasatch County Library

  • 465 East 1200 South, Heber City, Utah 84032
  • Phone 435-654-1511 | Fax 435-654-6456

Hours

  • Monday - Friday 9:30 AM - 8:00 PM
  • Saturday 9:30 AM - 1:30 PM
  • Closed Sundays and Holidays